[Event "Gibtelecom ChallWk2 5th"]
[Site "Gibraltar"]
[Date "2007.02.01"]
[Round "5"]
[White "Vinas Guerrero, Carlos A"]
[Black "Yarur Elsaca, Daniel"]
[Result "1-0"]
[WhiteElo "2124"]
[BlackElo "1913"]
[PlyCount "56"]
[EventDate "2007.01.28"]
[EventType "swiss"]
[EventRounds "5"]
[EventCountry "GGB"]
[SourceTitle "BritBase"]
[Source "www.saund.co.uk"]
[SourceDate "2018.02.10"]
[SourceVersion "1"]
[SourceVersionDate "2018.02.10"]
[SourceQuality "1"]

1. e4 e5 2. Nf3 d6 3. d4 exd4 4. Nxd4 Nf6 5. Nc3 Be7 6. Be2 O-O 7. O-O b6 8. f4
Bb7 9. Bf3 Nbd7 10. Nf5 Re8 11. Re1 Bf8 12. g4 Kh8 13. g5 Ng8 14. Be3 Ne7 15.
Ng3 Ng6 16. Nd5 c6 17. Nc3 Qc7 18. Nf5 b5 19. a3 a5 20. h4 d5 21. exd5 Rxe3 22.
Nxe3 Bc5 23. d6 Qb6 24. Qd2 Nxh4 25. Be4 Re8 26. Kf1 Ba6 27. b4 axb4 28. axb4
Bxb4 {remaining moves illegible} 1-0